000 01322cam a2200337 a 4500
001 EDZ0000085485
003 StDuBDS
005 20161031105129.0
006 m||||||||d||||||||
007 cr |||||||||||
008 120521s2012 enka fo| 001|0|eng|d
020 _a9781446250976 (ebook) :
_cNo price
040 _aStDuBDS
_beng
_cStDuBDS
_epn
049 _aAlfaisal Main Library
050 4 _aRC489.G4
082 0 4 _a616.89143
_223
100 1 _aWollants, Georges.
245 1 0 _aGestalt therapy
_h[electronic resource] :
_btherapy of the situation /
_cGeorges Wollants.
260 _aLondon :
_bSAGE,
_c2012.
300 _a1 online resource (x, 146 p.) :
_bill.
520 8 _aTaking the basic premise that people do the best they can in relation to their own situation, Georges Wollants explains Gestalt theory and provides a useful critique of commonly taught concepts.
521 _aSpecialized.
588 _aDescription based on print version record.
504 _aIncludes bibliographical references and index.
650 0 _aGestalt therapy.
655 7 _aElectronic books.
_2local
710 2 _aSage eBooks
776 0 8 _iPrint version :
_z9780857029850
856 4 0 _uhttp://ezproxy.alfaisal.edu/login?url=http://sk.sagepub.com/books/gestalt-therapy-therapy-of-the-situation
942 _2lcc
_cEBOOKS
999 _c479952
_d479952